000 00463nam a2200181Ia 4500
008 230711s9999||||xx |||||||||||||| ||und||
020 _a978-81-203-2084-0
041 _aENG
082 _a624
_bCH-T
100 _aChakroborty,Partha
245 0 _aPrinciples of transportation engineering
250 _a1st . Ed.
260 _c2012
_aDelhi
_bPHI Learning Private Limited
300 _a520
650 _aCivil Engineering
700 _aDas,Animesh
942 _cBK
999 _c5630
_d5630